Bernard Grasset, Bible, Sagesse et Philosophie, Nice, Ovadia, 2012, 290 p., 22 €. (notice n° 1658590)

détails MARC
000 -LEADER
fixed length control field 01473cam a2200169 4500500
005 - DATE AND TIME OF LATEST TRANSACTION
control field 20260208010850.0
041 ## - LANGUAGE CODE
Language code of text/sound track or separate title fre
042 ## - AUTHENTICATION CODE
Authentication code dc
100 10 - MAIN ENTRY--PERSONAL NAME
Personal name More Harrington, Thomas
Relator term author
245 00 - TITLE STATEMENT
Title Bernard Grasset, Bible, Sagesse et Philosophie, Nice, Ovadia, 2012, 290 p., 22 €.
260 ## - PUBLICATION, DISTRIBUTION, ETC.
Date of publication, distribution, etc. 2015.<br/>
500 ## - GENERAL NOTE
General note 38
520 ## - SUMMARY, ETC.
Summary, etc. Existe-t-il une « politique deleuzienne » ? Comment se saisir aujourd’hui du legs philosophique, aussi stimulant que problématique, que nous laisse Gilles Deleuze ? La boîte à outils que constitue l’ensemble de ses développements prend des voies différentes en fonction de l’appareil avec lequel il se conjugue. On propose ainsi une présentation critique des principales lignes interprétatives de l’œuvre de Deleuze sur la question politique.
520 ## - SUMMARY, ETC.
Summary, etc. Is there a “Deleuzian Politics”? How is one to appropriate the philosophical legacy, as suggestive and problematic as it is, bequeathed to us by Gilles Deleuze? The toolbox consisting in his various reflections sets us in different directions according to the apparatus to which it is conjoined. In what follows, we propose a critical overview of the main interpretative threads of Deleuze’s works with respect to politics.
786 0# - DATA SOURCE ENTRY
Note Revue philosophique de la France et de l'étranger | 140 | 1 | 2015-02-01 | p. 95w-140w | 0035-3833
856 41 - ELECTRONIC LOCATION AND ACCESS
Uniform Resource Identifier <a href="https://shs.cairn.info/revue-philosophique-2015-1-page-95w?lang=fr&redirect-ssocas=7080">https://shs.cairn.info/revue-philosophique-2015-1-page-95w?lang=fr&redirect-ssocas=7080</a>

Pas d'exemplaire disponible.

PLUDOC

PLUDOC est la plateforme unique et centralisée de gestion des bibliothèques physiques et numériques de Guinée administré par le CEDUST. Elle est la plus grande base de données de ressources documentaires pour les Étudiants, Enseignants chercheurs et Chercheurs de Guinée.

Adresse

627 919 101/664 919 101

25 boulevard du commerce
Kaloum, Conakry, Guinée

Réseaux sociaux

Powered by Netsen Group @ 2025